Statystyki dla Jan-Rapowanie Piosenki

Kliknij tutaj aby rozwiązać quiz!

Ogólne statystyki

  • Ten quiz został rozwiązany 449 razy
  • Średni wynik to 23 z 43

Statystyki odpowiedzi

PłytaUtwór% Poprawnych
UśmiechBąbelek
84%
PlanszeUkładanka
82%
PlanszeWszystko OK
75%
UśmiechPilot
74%
PlanszeWybory
74%
UśmiechDziewczyny z klasy
73%
PlanszeMillenium sport
66%
UśmiechThx
66%
Plansze012
64%
UśmiechCENTRALNY
63%
UśmiechCo ja wiem?
63%
UśmiechmY
63%
UśmiechZapałki
62%
UśmiechGŁÓWNY
61%
PlanszeCo tam
59%
PlanszeJutro
59%
PlanszeZaczekaj przed drzwiami
59%
PlanszeChemia (Skit)
57%
PlanszeRuchy
57%
UśmiechGap Year
56%
PlanszeLudzie, zdarzenia
56%
NOCNA ZMjANAGłos
55%
NOCNA ZMjANAMotyl
52%
UśmiechNie pomogę
52%
NOCNA ZMjANANOCNA ZMjANA
51%
NOCNA ZMjANATańczę
51%
PlanszeSłowo na koniec
49%
PlanszeSzanse
49%
NOCNA ZMjANASpacer
48%
NOCNA ZMjANANiech to usłyszą
47%
UśmiechNikt mi nie kazał
47%
PlanszePotrzeby
47%
NOCNA ZMjANAStare czasy (uff)
46%
NOCNA ZMjANAMiało się nie udać
43%
NOCNA ZMjANADamy radę
42%
NOCNA ZMjANAW szoku
40%
Notabene MixtapeNumer dla świń
30%
Notabene MixtapeLot
27%
Notabene MixtapeSprzedam bluzę
25%
Notabene Mixtape4,6
23%
Notabene Mixtape2.0
22%
Notabene MixtapeBalice
20%
Notabene MixtapeUmrę młodo
16%

Rozkład punktacji

Percentyl według liczby udzielonych odpowiedzi

Procent ludzi z każdym wynikiem

Twoja historia wyników

Nie rozwiązałeś tego quizu